| 000 | 00461cam a2200193ua 4500 | ||
|---|---|---|---|
| 020 | _cRs 3.00 | ||
| 041 |
_ahin _h |
||
| 082 |
_a891.54 _bVRI/SO |
||
| 100 | _aVrindavan Lal, Varma . | ||
| 245 |
_aSona / _cVrindavan Lal Varma. _hTextual Documents |
||
| 250 |
_a10 / _b. |
||
| 260 |
_aJhansi : _bMayoor Prakashan , _c1960. |
||
| 300 | _a255 ; . | ||
| 365 | _aRs 3.00 | ||
| 504 | _a | ||
| 942 | _cBK | ||
| 999 |
_c3575 _d3575 |
||